000 00583nam a2200217Ia 4500
003 0100
008 130227s9999 xx 000 0 und d
040 _cARRUPELIB
050 _aBR477.C9 2001.
100 _aO Books
_928503
245 _aTime and tide
245 _bSeaq of faith beyond the millennium.
260 _aUnited Kindom.
260 _bJohnhunt Publishing.
300 _a110p.
300 _b19cm.
650 _bChristianity
_y20th Century
_928504
650 _bReligion and science
_928505
650 _bSecularization (Theology)
_91632
942 _2lcc
_cMONOGRAPH
999 _c6798
_d6798